[Event "Lignano Sabbiadoro op 3rd"]
[Site "Lignano Sabbiadoro"]
[Date "2017.08.04"]
[Round "7"]
[White "Nester, Ihor"]
[Black "Difronzo, Andrea"]
[Result "1/2-1/2"]
[WhiteElo "2320"]
[BlackElo "2282"]
[PlyCount "99"]
[EventDate "2017.07.30"]
[EventType "swiss"]
[EventRounds "9"]
[EventCountry "ITA"]
[SourceTitle "CBM 179 Extra"]
[Source "ChessBase"]
[SourceDate "2017.08.23"]
[SourceVersion "1"]
[SourceVersionDate "2017.08.23"]
[SourceQuality "1"]

1. Nf3 Nf6 2. c4 b6 3. g3 Bb7 4. Bg2 g6 5. 0-0 Bg7 6. Nc3 0-0 7. Re1 c5 8. e4 Nc6 9. e5 Ne8 10. d4 Nxd4 11. Nxd4 Bxg2 12. Kxg2 cxd4 13. Qxd4 d6 14. Bf4 dxe5 15. Qxd8 Rxd8 16. Bxe5 Bxe5 17. Rxe5 e6 18. c5 bxc5 19. Rxc5 Rd2 20. b4 Nf6 21. Rd1 Rb2 22. Rb1 Rd2 23. h3 Rfd8 24. a4 R8d3 25. b5 Nh5 26. Kg1 Rf3 27. Ne4 Ra2 28. Kg2 Re3 29. Rc4 f5 30. Rc8+ Kg7 31. Rc7+ Kh6 32. Nd6 Nxg3 33. Rxa7 Nh5 34. Kf1 Ng3+ 35. Kg2 Nh5 36. Nf7+ Kg7 37. Ng5+ Kf6 38. h4 Ree2 39. Rf7+ Ke5 40. Nf3+ Kf4 41. Rb4+ Re4 42. Rxe4+ Kxe4 43. Ng5+ Ke5 44. Ra7 h6 45. Nf7+ Ke4 46. Nd6+ Ke5 47. Nc4+ Ke4 48. Nd6+ Ke5 49. Nc4+ Ke4 50. Nd6+ 1/2-1/2

[Event "Salento op 5th"]
[Site "Gallipoli"]
[Date "2016.05.21"]
[Round "1"]
[White "Vovk, Andrey"]
[Black "Difronzo, Andrea"]
[Result "1-0"]
[WhiteElo "2632"]
[BlackElo "2139"]
[PlyCount "77"]
[EventDate "2016.05.21"]
[EventType "swiss"]
[EventRounds "9"]
[EventCountry "ITA"]
[SourceTitle "EXT 2017"]
[Source "ChessBase"]
[SourceDate "2016.10.25"]
[SourceVersion "1"]
[SourceVersionDate "2016.10.25"]
[SourceQuality "1"]

1. e4 e6 2. d4 d5 3. Nd2 Nc6 4. Ngf3 Nf6 5. e5 Nd7 6. Bd3 f6 7. Ng5 Ndxe5 8. dxe5 fxg5 9. Qh5+ g6 10. Bxg6+ Kd7 11. c4 Nxe5 12. Bc2 Bd6 13. cxd5 exd5 14. 0-0 c5 15. Nb3 Qe8 16. Qd1 Kc7 17. Qxd5 Qh5 18. f4 Ng4 19. h3 Nf6 20. Qxg5 Rg8 21. Qxh5 Nxh5 22. Rf3 Bd7 23. Bxh7 Rg7 24. Bd3 Bc6 25. Rf2 Rg3 26. Be2 Nf6 27. Na5 Bd5 28. Bc4 Be4 29. Kh2 Rg7 30. Bd2 Rh8 31. Be2 Nd5 32. Nc4 Bxf4+ 33. Bxf4+ Nxf4 34. Bf1 Ng6 35. Re1 Bc6 36. Re3 b5 37. Na5 Bd5 38. Bxb5 Nf4 39. Bf1 1-0

[Event "Terre degli Elimi op 6th"]
[Site "Erice"]
[Date "2015.08.03"]
[Round "8"]
[White "Pinho, Tiago"]
[Black "Difronzo, Andrea"]
[Result "1/2-1/2"]
[WhiteElo "1887"]
[BlackElo "2060"]
[PlyCount "101"]
[EventDate "2015.07.28"]
[EventType "swiss"]
[EventRounds "9"]
[EventCountry "ITA"]
[SourceTitle "EXT 2017"]
[Source "ChessBase"]
[SourceDate "2016.10.25"]
[SourceVersion "1"]
[SourceVersionDate "2016.10.25"]
[SourceQuality "1"]

1. c4 c5 2. Nc3 Nc6 3. g3 g6 4. Bg2 Bg7 5. d3 d6 6. e4 e6 7. Nge2 Nge7 8. 0-0 0-0 9. Bg5 h6 10. Be3 Nd4 11. Qd2 Kh7 12. Rab1 Nec6 13. f4 f5 14. a3 Qd7 15. b4 Nxe2+ 16. Nxe2 Nd4 17. Nxd4 cxd4 18. Bf2 fxe4 19. Bxe4 e5 20. fxe5 Bxe5 21. Rbc1 Qg7 22. Kg2 Be6 23. Bg1 Qd7 24. Kh1 Rxf1 25. Rxf1 d5 26. cxd5 Bxd5 27. Qg2 Bxe4 28. Qxe4 Bg7 29. Re1 Rc8 30. Qe7 Rc7 31. Qxd7 Rxd7 32. Re4 g5 33. g4 Kg6 34. Kg2 Kf7 35. Kf3 Rd6 36. Ke2 b5 37. h3 Re6 38. Kf3 Rf6+ 39. Ke2 Rd6 40. Bf2 Bf6 41. Bg1 Re6 42. Kf3 Ra6 43. Bxd4 Rxa3 44. Ke3 Bxd4+ 45. Rxd4 a5 46. bxa5 Rxa5 47. Rd6 b4 48. Rb6 Ra1 49. Rxb4 Rh1 50. Rb7+ Kf8 51. Ke4 1/2-1/2

[Event "Terre degli Elimi op 6th"]
[Site "Erice"]
[Date "2015.07.30"]
[Round "4"]
[White "Marzaduri, Riccardo"]
[Black "Difronzo, Andrea"]
[Result "1-0"]
[WhiteElo "2163"]
[BlackElo "2060"]
[PlyCount "55"]
[EventDate "2015.07.28"]
[EventType "swiss"]
[EventRounds "9"]
[EventCountry "ITA"]
[SourceTitle "EXT 2017"]
[Source "ChessBase"]
[SourceDate "2016.10.25"]
[SourceVersion "1"]
[SourceVersionDate "2016.10.25"]
[SourceQuality "1"]

1. e4 e6 2. d4 d5 3. Nc3 Nf6 4. Bg5 Bb4 5. e5 h6 6. Be3 Ne4 7. Qg4 g6 8. Bd3 c5 9. Bxe4 dxe4 10. Qxe4 cxd4 11. Bxd4 Bd7 12. Nge2 Bc6 13. Qe3 Bxg2 14. Rg1 Bd5 15. 0-0-0 Qa5 16. Nxd5 Qxd5 17. Bc3 Qa5 18. Qd4 Bxc3 19. Nxc3 Kf8 20. Qd6+ Kg7 21. Qe7 Qxe5 22. Qxb7 Nc6 23. Qxc6 Rhc8 24. Qf3 Qxh2 25. Ne4 Qe5 26. Rxg6+ Kxg6 27. Rg1+ Qg5+ 28. Rxg5+ 1-0

[Event "Arco Christmas op 5th"]
[Site "Arco"]
[Date "2014.12.27"]
[Round "3"]
[White "Migliorini, Matteo"]
[Black "Difronzo, Andrea"]
[Result "1-0"]
[WhiteElo "2068"]
[BlackElo "2170"]
[PlyCount "53"]
[EventDate "2014.12.26"]
[EventType "swiss"]
[EventRounds "7"]
[EventCountry "ITA"]
[SourceTitle "CBM 164 Extra"]
[Source "ChessBase"]
[SourceDate "2015.03.02"]
[SourceVersion "1"]
[SourceVersionDate "2015.03.02"]
[SourceQuality "1"]

1. e4 e6 2. Nf3 d5 3. Nc3 Nf6 4. e5 Nfd7 5. d4 c5 6. dxc5 Nc6 7. Bf4 Bxc5 8. Bd3 h6 9. Qe2 g5 10. Bg3 a6 11. 0-0-0 Qa5 12. Kb1 Bb4 13. Nd2 Nd4 14. Qg4 Bxc3 15. bxc3 Qxc3 16. Nb3 Nxb3 17. axb3 Nc5 18. f4 Qb4 19. Qh5 Bd7 20. fxg5 Bb5 21. Rhf1 Bxd3 22. Rxd3 Nxd3 23. Qxf7+ Kd8 24. Qxe6 Qd4 25. Qf6+ Ke8 26. Qxh8+ Ke7 27. Qg7+ 1-0

[Event "ITA-ch U16"]
[Site "Tarvisio"]
[Date "2014.07.03"]
[Round "7"]
[White "Gueci, Tea"]
[Black "Difronzo, Andrea"]
[Result "1-0"]
[WhiteElo "2090"]
[BlackElo "1966"]
[PlyCount "133"]
[EventDate "2014.06.29"]
[EventType "swiss"]
[EventRounds "9"]
[EventCountry "ITA"]
[SourceTitle "EXT 2015"]
[Source "ChessBase"]
[SourceDate "2014.11.20"]
[SourceVersion "1"]
[SourceVersionDate "2014.11.20"]
[SourceQuality "1"]

1. e4 e6 2. d4 d5 3. Nd2 Nc6 4. Ngf3 Nf6 5. e5 Nd7 6. b3 f6 7. Bb2 fxe5 8. dxe5 Bc5 9. Bd3 0-0 10. 0-0 h6 11. c4 Ne7 12. a3 c6 13. b4 Bb6 14. c5 Bc7 15. Nb3 Qe8 16. Re1 Qh5 17. Qe2 Ng6 18. Bxg6 Qxg6 19. g3 Qf7 20. Nh4 b6 21. Bd4 a5 22. cxb6 Bxb6 23. Bxb6 Nxb6 24. Nxa5 Rxa5 25. bxa5 Nc4 26. Rac1 Qa7 27. Rxc4 dxc4 28. Ng6 Rf7 29. Rd1 Rd7 30. Rxd7 Qxd7 31. Qxc4 c5 32. a6 Kf7 33. Nf4 Qc6 34. Nd3 Bxa6 35. Qxc5 Qe4 36. Qa7+ Bb7 37. f3 Qxd3 38. Qxb7+ Kg8 39. Qa8+ Kf7 40. Qa7+ Kg8 41. Kg2 Qe2+ 42. Qf2 Qxe5 43. Qa2 Kf7 44. a4 Qa5 45. Qb3 Qd2+ 46. Kh3 Kf6 47. Qb5 Qd1 48. f4 g5 49. Qe5+ Kf7 50. fxg5 Qf1+ 51. Kh4 hxg5+ 52. Qxg5 Qa1 53. a5 e5 54. a6 Qa4+ 55. g4 Qa1 56. a7 Qxa7 57. Qxe5 Qf2+ 58. Kh5 Kg8 59. Qg5+ Kh8 60. Qh6+ Kg8 61. h4 Qf3 62. Qg5+ Kh8 63. Qf5 Qe2 64. Qf8+ Kh7 65. Qf7+ Kh8 66. Kh6 Qxg4 67. Qh7# 1-0

[Event "Roseto op 5th"]
[Site "Roseto"]
[Date "2014.01.03"]
[Round "1"]
[White "Difronzo, Andrea"]
[Black "Marholev, Dimitar"]
[Result "0-1"]
[WhiteElo "1963"]
[BlackElo "2321"]
[PlyCount "98"]
[EventDate "2014.01.03"]
[EventType "swiss"]
[EventRounds "7"]
[EventCountry "ITA"]
[SourceTitle "EXT 2015"]
[Source "ChessBase"]
[SourceDate "2014.11.20"]
[SourceVersion "1"]
[SourceVersionDate "2014.11.20"]
[SourceQuality "1"]

1. e4 e5 2. Nf3 Nc6 3. Bc4 Nf6 4. d3 h6 5. 0-0 d6 6. c3 g6 7. h3 Bg7 8. Be3 0-0 9. Bb3 Na5 10. Bc2 c5 11. Nbd2 Nc6 12. Re1 b6 13. d4 exd4 14. cxd4 Nb4 15. Bb1 Re8 16. a3 Nc6 17. d5 Nb8 18. Bd3 Ba6 19. Bxa6 Nxa6 20. Qc2 b5 21. Rad1 Rc8 22. Bf4 Qb6 23. Nf1 Nd7 24. N3h2 Ne5 25. Bxe5 dxe5 26. Ne3 c4 27. Qe2 Nc5 28. Qf3 Nd3 29. Re2 Qf6 30. g3 Qxf3 31. Nxf3 Nc5 32. Nd2 Red8 33. f3 h5 34. g4 hxg4 35. hxg4 Bh6 36. Ndf1 Nb3 37. Kg2 Nd4 38. Rf2 Kg7 39. Nc2 Nb3 40. Na1 Nc5 41. Rc2 a5 42. Ng3 Be3 43. Ne2 Nb7 44. Rc3 Bg5 45. Ng1 b4 46. Rc2 b3 47. Re2 a4 48. Nh3 Be7 49. Rc1 c3 0-1

[Event "Mare di Fano op 2nd"]
[Site "Fano"]
[Date "2013.07.29"]
[Round "1"]
[White "Brancaleoni, Maurizio"]
[Black "Difronzo, Andrea"]
[Result "1-0"]
[WhiteElo "2248"]
[BlackElo "1943"]
[PlyCount "73"]
[EventDate "2013.07.29"]
[EventType "swiss"]
[EventRounds "9"]
[EventCountry "ITA"]
[SourceTitle "EXT 2015"]
[Source "ChessBase"]
[SourceDate "2014.11.20"]
[SourceVersion "1"]
[SourceVersionDate "2014.11.20"]
[SourceQuality "1"]

1. Nf3 c5 2. c4 Nc6 3. Nc3 g6 4. e3 Bg7 5. d4 cxd4 6. exd4 d6 7. Be2 Bf5 8. 0-0 Rc8 9. Be3 a6 10. Rc1 Qa5 11. d5 Ne5 12. Nxe5 Bxe5 13. Qb3 Qc7 14. Na4 Bd7 15. Nb6 Rd8 16. h3 Qb8 17. Nxd7 Rxd7 18. f4 Bg7 19. c5 dxc5 20. Bxa6 Nf6 21. Bb5 0-0 22. Bxd7 Nxd7 23. Qb5 Qd6 24. Rfd1 b6 25. b4 Ra8 26. bxc5 bxc5 27. a4 Rb8 28. Qc6 Rb6 29. Qc8+ Bf8 30. Bxc5 Nxc5 31. Qxc5 Qb8 32. Qc7 Qxc7 33. Rxc7 Rb4 34. a5 Ra4 35. Ra7 Rxf4 36. Ra1 h5 37. Ra8 1-0